Tradičná ľudová kuchyňa zo severného Spiša čo dedina, to kuchyňa - "šalata"

Gespeichert in:
Bibliographische Detailangaben
1. Verfasser: Eliašová, Darina
Format: Buchkapitel
Sprache:Slowakisch
Tags: Tag hinzufügen
Keine Tags, Fügen Sie das erste Tag hinzu!

MARC

LEADER 00000naa$a2200000$$$4500
001 0093026
005 20240502072034.3
041 0 |a slo 
044 |a SK 
245 1 0 |a Tradičná ľudová kuchyňa zo severného Spiša  |b čo dedina, to kuchyňa - "šalata"  |c Darina Eliašová 
100 1 |a Eliašová, Darina